Statistiques concernant Les prénoms dans les chansons françaises

Cliquez ici pour prendre le quiz!

Statistiques générales

  • Ce quiz a été pris 151 fois
  • Le résultat moyen est 10 sur 19

Statistiques - réponses

InterprètesParoles des chansons% Correct
Daniel BalavoineJ'me présente, je m'appelle {Henri}, j'voudrais bien réussir ma vie, être aimé.
95%
Francis CabrelPetite {Marie}, je parle de toi parce qu'avec ta petite voix, tes petites manies, tu as versé sur ma vie des milliers de roses.
94%
Vanessa Paradis{Joe} le taxi, il va pas partout, il marche pas au soda. Son saxo jaune connaît toutes les rues par cœur.
89%
ChristopheEt j'ai crié, crié {Aline}, pour qu'elle revienne. Et j'ai pleuré, pleuré, oh j'avais trop de peine.
88%
Ninon Ferrer{Gaston} y a l'téléfon qui son et y a jamais person qui y répond.
74%
Johnny Hallyday{Diego}, libre dans sa tête, derrière sa fenêtre s'endort peut-être.
69%
Rita MitsoukoMais c'est la mort qui t'a assassinée, {Marcia}. C'est la mort qui t'a consumée.
67%
Dani BrillantJ'ai perdu la tête depuis que j'ai vu {Suzette}. Je perds la raison chaque fois que j'vois...
64%
Pascal Obispo{Lucie} dépêche-toi, on vit, on ne meurt qu'une fois, et on n'a le temps de rien que c'est déjà la fin mais
61%
Hatik{Angela}, appelle-moi ce soir et j'démarre de la zone. Regarde-moi dans les yeux, j'deviens amnésique, j'crois qu'ton corps me rappelle des souvenirs d'Amérique.
52%
Céline DionIl s'appelle {Ziggy}. Je suis folle de lui. C'est un garçon pas comme les autres, mais moi je l'aime, c'est pas d'ma faute
52%
SuperbusAllo {Lola}, comme un garçon, j'ai le cœur qui fait boom et les cheveux longs.
45%
Serge Gainsbourg{Elisa}, cherche-moi des poux, enfonce bien tes ongles et tes doigts délicats dans la jungle de mes cheveux.
36%
Alain Souchon{Jimmy} t'es fort mais tu pleures, sur le cuir de ta Chrysler. Là-bas le soleil s'écroule dans la mer.
32%
Michel PolnareffMessage électrique quand elle m'électronique je reçois sur mon écran tout son roman, pn s'approche en multi et je l'attire en duo, après okay, elle me code {Marylou}
31%
Jacques BrelMon cœur, mon cœur, ne t'emballe pas, fais comme si tu ne savais pas que la {Mathilde} est revenue
23%
Diam's{Marine} pourquoi tu perpétues les traditions? Sais tu qu'on sera des millions à payer l'addition ? Ma haine est immense en ce soir de décembre quand je pense à tous ces gens que tu rassembles.
20%
Damien SaezQuand j'ai vu {Marguerite} j'me suis dis quel prénom étrange, puis c'est pas vraiment la saison à faire l'amour dans les champs.
9%
Charles AznavourCe n'est sûrement pas vrai, tout ce qu'on raconte sur {Sophie} ça ne peut être vrai, sinon j'aurais honte de...
3%

Distribution des résultats

Percentile par nombre de réponses

% des personnes avec chaque résultat

Votre développement - résultats

Vous n’avez pas pris ce quiz